Weiter zum Inhalt

Некоторые особенности административной ответственности за нарушения в области трудовой миграции Статья

Gespeichert in:
Bibliographische Detailangaben
1. Verfasser: Малышев Е.А
Format: Статья
Online Zugang:https://znanium.com/catalog/document?id=214708
https://znanium.com/cover/0555/555790.jpg
Tags: Tag hinzufügen
Keine Tags, Fügen Sie den ersten Tag hinzu!
LEADER 01418nam0a2200217 i 4500
001 RU\infra-m\znanium\bibl\555790
003 https://znanium.com/catalog/document?id=214708
005 20190327000000.0
100 |a 20190327d2016 m y0rusy0150 ca 
101 0 |a rus 
102 |a RU 
200 1 |a Некоторые особенности административной ответственности за нарушения в области трудовой миграции  |e Статья  |f Российский государственный университет правосудия г. Москва им. В.М. Лебедева 
210 1 |a Москва  |c ООО "Научно-издательский центр ИНФРА-М"  |d 2016 
215 |a 11 с. 
608 |a Статья  |2 local 
675 |a 342  |z rus 
686 |a 67401  |2 rubbk 
700 1 |a Малышев  |b Е.А.  |g Евгений Александрович  |p Российский государственный университет правосудия г. Москва им. В.М. Лебедева 
801 0 |a RU  |b Общество с ограниченной ответственностью «ЗНАНИУМ»  |c 20160414  |2 rusmarc 
856 4 |a znanium.com  |m ebs_support@infra-m.ru  |n НИЦ ИНФРА-М  |u https://znanium.com/catalog/document?id=214708 
856 4 1 |a znanium.com  |d /cover/0555  |f 555790.jpg  |q image/jpeg  |u https://znanium.com/cover/0555/555790.jpg